The land of the Great Sophy / (Record no. 21600)
[ view plain ]
| 000 -LEADER | |
|---|---|
| fixed length control field | 00608cam a2200229u 4500 |
| 001 - CONTROL NUMBER | |
| control field | 7972925 |
| 003 - CONTROL NUMBER IDENTIFIER | |
| control field | BDDh-ASL |
| 005 - DATE AND TIME OF LATEST TRANSACTION | |
| control field | 20231015030021.0 |
| 008 - FIXED-LENGTH DATA ELEMENTS--GENERAL INFORMATION | |
| fixed length control field | 821105s1962 enka 000 0 eng |
| 010 ## - LIBRARY OF CONGRESS CONTROL NUMBER | |
| LC control number | 62043551 |
| 040 ## - CATALOGING SOURCE | |
| Original cataloging agency | DLC |
| Transcribing agency | CarP |
| Modifying agency | DLC |
| -- | BDDh-ASL |
| 043 ## - GEOGRAPHIC AREA CODE | |
| Geographic area code | a-ir--- |
| 050 00 - LIBRARY OF CONGRESS CALL NUMBER | |
| Classification number | DS254.5 |
| Item number | .S7 |
| 082 ## - DEWEY DECIMAL CLASSIFICATION NUMBER | |
| Classification number | 955 |
| Item number | STL |
| 100 1# - MAIN ENTRY--PERSONAL NAME | |
| Personal name | Stevens, Roger, |
| Titles and words associated with a name | Sir, |
| Dates associated with a name | 1906- |
| 245 14 - TITLE STATEMENT | |
| Title | The land of the Great Sophy / |
| 260 ## - PUBLICATION, DISTRIBUTION, ETC. | |
| Place of publication, distribution, etc. | London : |
| Name of publisher, distributor, etc. | Methuen, |
| Date of publication, distribution, etc. | [1962] |
| 300 ## - PHYSICAL DESCRIPTION | |
| Extent | 291 p. : |
| Other physical details | illus. |
| Dimensions | 23 cm. |
| 651 #0 - SUBJECT ADDED ENTRY--GEOGRAPHIC NAME | |
| Geographic name | Iran. |
| 906 ## - LOCAL DATA ELEMENT F, LDF (RLIN) | |
| a | 0 |
| b | cbc |
| c | premunv |
| d | u |
| e | ncip |
| f | 19 |
| g | y-gencatlg |
| 942 ## - ADDED ENTRY ELEMENTS (KOHA) | |
| Source of classification or shelving scheme | Dewey Decimal Classification |
| Koha item type | Books |
| Withdrawn status | Lost status | Source of classification or shelving scheme | Damaged status | Not for loan | Collection code | Home library | Current library | Shelving location | Date acquired | Source of acquisition | Total Checkouts | Full call number | Barcode | Date last seen | Copy number | Price effective from | Koha item type | Public note |
|---|---|---|---|---|---|---|---|---|---|---|---|---|---|---|---|---|---|---|
| Dewey Decimal Classification | Non-fiction | Asiatic Society Library | Asiatic Society Library | General Stacks | 02/07/2021 | ASB Library Collections | 955 STL | 105444 | 02/07/2021 | C-1 | 02/07/2021 | Books | RARE |